[Event "Mittelrhein Regionalliga 1718"]
[Site "Nordrheinwestfalen"]
[Date "2018.02.25"]
[Round "7.3"]
[White "Rajashekarraju, Shridhar"]
[Black "Christensen, Niels"]
[Result "1/2-1/2"]
[WhiteElo "2146"]
[BlackElo "2186"]
[PlyCount "95"]
[EventDate "2017.09.10"]
[EventType "team-tourn"]
[EventRounds "9"]
[EventCountry "GER"]
[SourceTitle "EXT 2022"]
[Source "ChessBase"]
[SourceDate "2021.10.06"]
[SourceVersion "1"]
[SourceVersionDate "2021.10.06"]
[SourceQuality "1"]
[WhiteTeam "Aachen SV II"]
[BlackTeam "Bonn Beuel"]
[WhiteTeamCountry "GER"]
[BlackTeamCountry "GER"]

1. Nf3 d5 2. b3 Nf6 3. Bb2 Bf5 4. e3 e6 5. Be2 h6 6. 0-0 Nbd7 7. c4 Be7 8. d4 c6 9. Nc3 0-0 10. Bd3 Bxd3 11. Qxd3 Qb6 12. c5 Qc7 13. b4 e5 14. dxe5 Nxe5 15. Nxe5 Qxe5 16. Qe2 Qf5 17. Qf3 Qxf3 18. gxf3 Nd7 19. Ne2 Rfe8 20. Rfc1 a6 21. Ng3 Bf8 22. Rd1 Rad8 23. Rac1 g6 24. Ne2 Bg7 25. Bxg7 Kxg7 26. a4 Nf8 27. Nd4 Ne6 28. Kf1 Kf6 29. Rb1 Ra8 30. Nb3 Ke5 31. Rb2 f5 32. Rbd2 g5 33. Nd4 Nxd4 34. Rxd4 Re7 35. Rb1 Rc7 36. Ke2 Rb8 37. h4 b6 38. cxb6 Rxb6 39. hxg5 hxg5 40. Rc1 Kd6 41. Rh1 Rcb7 42. Rh6+ Kd7 43. Rh7+ Kd6 44. Rh6+ Kd7 45. Rh7+ Kd6 46. Rxb7 Rxb7 47. e4 Ke5 48. Kd3 1/2-1/2

[Event "Mittelrhein Regionalliga 1718"]
[Site "Nordrheinwestfalen"]
[Date "2017.11.12"]
[Round "3.4"]
[White "Noiroux, Kevin"]
[Black "Rajashekarraju, Shridhar"]
[Result "1-0"]
[WhiteElo "2119"]
[BlackElo "2178"]
[PlyCount "107"]
[EventDate "2017.09.10"]
[EventType "team-tourn"]
[EventRounds "9"]
[EventCountry "GER"]
[SourceTitle "EXT 2022"]
[Source "ChessBase"]
[SourceDate "2021.10.06"]
[SourceVersion "1"]
[SourceVersionDate "2021.10.06"]
[SourceQuality "1"]
[WhiteTeam "Aachen DJK Aufwärts III"]
[BlackTeam "Aachen SV II"]
[WhiteTeamCountry "GER"]
[BlackTeamCountry "GER"]

1. d4 d5 2. Bf4 Nf6 3. e3 c5 4. dxc5 Nc6 5. Bb5 Qa5+ 6. Nc3 e6 7. Qd4 Nd7 8. Bxc6 bxc6 9. b4 Qa3 10. Nge2 f6 11. Bc7 e5 12. Qh4 a5 13. Bxa5 Qb2 14. Kd2 Qa3 15. Nb1 Qb2 16. Nbc3 Qa3 17. Bc7 Qa7 18. Bd6 Bxd6 19. cxd6 Nb6 20. Rhb1 Nc4+ 21. Ke1 Na3 22. Rb2 Ba6 23. Rd1 0-0 24. Nc1 Rfd8 25. Nd3 Rxd6 26. Nc5 Rad8 27. Qg4 Bc8 28. Qe2 d4 29. N3e4 Rd5 30. exd4 exd4 31. Kf1 f5 32. Ng5 Nb5 33. Re1 g6 34. Qe7 Qxe7 35. Rxe7 Nd6 36. Rb1 f4 37. Nge6 Nf5 38. Rc7 Re8 39. Nxf4 Rde5 40. Rxc6 Nh6 41. b5 Ng4 42. h3 Nxf2 43. Kxf2 Rf8 44. b6 Rxf4+ 45. Kg3 Rf8 46. b7 Bf5 47. Na6 Be4 48. Rc7 Bxb7 49. Rbxb7 Re3+ 50. Kh2 Rfe8 51. Rg7+ Kh8 52. Rxh7+ Kg8 53. Nc5 Rc3 54. Rbg7+ 1-0

[Event "Mittelrhein Regionalliga 16/17"]
[Site "Nordrheinwestfalen"]
[Date "2017.01.08"]
[Round "6.8"]
[White "Rajashekarraju, Shridhar"]
[Black "Steiz, Johann"]
[Result "1-0"]
[WhiteElo "2163"]
[BlackElo "1692"]
[PlyCount "75"]
[EventDate "2016.09.11"]
[EventType "team-tourn"]
[EventRounds "11"]
[EventCountry "GER"]
[SourceTitle "EXT 2022"]
[Source "ChessBase"]
[SourceDate "2021.10.06"]
[SourceVersion "1"]
[SourceVersionDate "2021.10.06"]
[SourceQuality "1"]
[WhiteTeam "Aachen SV II"]
[BlackTeam "Dormagen SV"]
[WhiteTeamCountry "GER"]
[BlackTeamCountry "GER"]

1. d4 Nf6 2. Nf3 e6 3. Bf4 d5 4. e3 Be7 5. Nbd2 Nc6 6. c3 h6 7. Ne5 Bd7 8. Bd3 g5 9. Bg3 Nh7 10. Qh5 Nxe5 11. dxe5 Bf8 12. h4 Bg7 13. Nf3 Nf8 14. 0-0-0 Qe7 15. hxg5 hxg5 16. Qxg5 Qxg5 17. Nxg5 Rxh1 18. Rxh1 f6 19. exf6 Bxf6 20. Nh7 Nxh7 21. Bg6+ Ke7 22. Rxh7+ Kd8 23. Bh4 Bxh4 24. Rh8+ Ke7 25. Rxa8 Bxf2 26. Kd2 a6 27. Rh8 Bg3 28. Rh7+ Kd6 29. Rh3 Be5 30. g4 Bf6 31. Rh5 c5 32. g5 Be5 33. Bd3 d4 34. g6 Be8 35. Rh7 b5 36. Ra7 dxe3+ 37. Kxe3 c4 38. Bc2 1-0